Určovanie hodnoty majetku v exekučnom konaní od 1. apríla 2017
Zásadné zmeny v exekučnom práve a dva režimy civilných exekučných konaní. Určovanie hodnoty majetku povinného v exekučných konaniach začatých do 31.3.2017. Určovanie hodnoty majetku povinného v exekučných konaniach od 1.4.2017.
Saved in:
| Main Author: | |
|---|---|
| Format: | Book Chapter |
| Language: | Slovak |
| Subjects: | |
| Tags: |
No Tags, Be the first to tag this record!
|
MARC
| LEADER | 00000nla a2200000 4500 | ||
|---|---|---|---|
| 001 | 0246970 | ||
| 005 | 20240417075143.3 | ||
| 041 | 0 | |a slo | |
| 044 | |a SK | ||
| 245 | 1 | 0 | |a Určovanie hodnoty majetku v exekučnom konaní od 1. apríla 2017 |c Peter Molnár |
| 520 | |a Zásadné zmeny v exekučnom práve a dva režimy civilných exekučných konaní. Určovanie hodnoty majetku povinného v exekučných konaniach začatých do 31.3.2017. Určovanie hodnoty majetku povinného v exekučných konaniach od 1.4.2017. | ||
| 610 | 2 | 0 | |a exekúcia |
| 610 | 2 | 0 | |a majetok |
| 610 | 2 | 0 | |a hodnota |
| 610 | 2 | 0 | |a oceňovanie |
| 610 | 2 | 0 | |a ohodnocovanie |
| 610 | 2 | 0 | |a legislatíva |
| 100 | 1 | |a Molnár, Peter | |